000 00251nam a22001217a 4500
041 _aENG
100 _aPriyani .V.B
245 _aFundamental Hydraulics
260 _aIndia
_bCharotar Book Stall
_c1961
300 _a351
650 _a48
856 _u48
999 _c3124
_d3124